000 00670nam a2200229Ia 4500
001 16069
003 GE_BSU
008 181216s||||||||xx |||||||||||||| ||und||
040 _cGE_BSU
080 _a821.353.1-1
100 _aჯავახაძე, ვახტანგი
245 _aსამხრეთი
245 _bლექსები
245 _cრედ.შ.ნიშნიანიძე. მხ.ზ.ფორჩხიძე
260 _aთბილისი
260 _bმერანი
260 _c1970
300 _a91გვ. ; 17სმ.
653 _aლექსები
653 _aსამხრეთი
942 _cBK
999 _c49158
_d49158